| 000 | 00720nmc a2200277 a 4500 | ||
|---|---|---|---|
| 003 | AR-BaBNM | ||
| 005 | 20251128205840.0 | ||
| 008 | 278019s1976 ||||||||||||||000 | spa|| | ||
| 040 | _cAR-BaBNM | ||
| 100 | 1 | _aBusaniche, José Luis | |
| 245 | 1 | 0 |
_aRosas _bvisto por sus contemporáneos |
| 250 | _a3ª ed. | ||
| 260 |
_aBuenos Aires _bEudeba _c1976 |
||
| 300 | 0 | _a188 p. | |
| 490 | 0 | _aArgentina | |
| 500 | 0 | _aIndice de nombres de personas p. 177-184 | |
| 650 | 4 | _aHISTORIA ARGENTINA | |
| 650 | 4 | _aBIOGRAFIAS | |
| 650 | 4 | _aGUERRAS CIVILES ARGENTINAS | |
| 650 | 4 | _aROSAS Y SU TIEMPO | |
| 650 | 4 | _aCAUDILLOS ARGENTINOS | |
| 650 | 4 | _aMONTONERAS | |
| 655 | _aBIOGRAFIAS | ||
| 942 | _cBK | ||
| 998 | _cMariana | ||
| 999 |
_c13020 _d13020 |
||